Conan Gray - Class Clown - All lyrics - Statistics

General Stats
  • This quiz has been taken 28 times
  • The average score is 256 of 296
Answer Stats
Answer % Correct
a
100%
around
100%
around,
100%
back
100%
class
100%
clown
100%
comes
100%
Everything
100%
everything
100%
feel
100%
I
100%
I,
100%
like
100%
Like
100%
still
100%
the
100%
my
95%
sister
90%
about
86%
and
86%
And
86%
are
86%
bag
86%
clutching
86%
for
86%
From
86%
from
86%
It
86%
it
86%
joke
86%
now
86%
of
86%
old
86%
talk
86%
their
86%
to
86%
tricks
86%
We
86%
we
86%
with
86%
all
81%
be
81%
biggest
81%
blondies
81%
but
81%
But
81%
crystal
81%
do
81%
friends
81%
glass
81%
go
81%
hear
81%
in
81%
It's
81%
it's
81%
just
81%
know
81%
man
81%
on
81%
over
81%
singing
81%
smile
81%
that
81%
this
81%
through
81%
topic
81%
trash
81%
Trying
81%
vanish
81%
wanna
81%
younger
81%
already
76%
am
76%
at
76%
barely
76%
beautiful
76%
can
76%
didn't
76%
Don't
76%
earth
76%
fault,
76%
funny
76%
get
76%
grow
76%
Growing
76%
Half
76%
her
76%
home
76%
how
76%
I'd
76%
if
76%
I'm
76%
is
76%
latest
76%
million
76%
moment
76%
Nothing
76%
out
76%
phone
76%
pine
76%
sorta
76%
there's
76%
trailer
76%
turns
76%
twists
76%
up
76%
where
76%
who
76%
blood
71%
down
71%
heavy
71%
I'll
71%
jokes
71%
Laughing
71%
laughing,
71%
let
71%
limbs
71%
older
71%
pouring
71%
start
71%
version
71%
will
71%
writhes
71%
fists,
67%
none
67%
ribs
67%
was
67%
or
62%
stop
62%
way,
62%
way
62%
your
62%
(Ah-ah)
57%
barreling
57%
early
57%
father
57%
stick
57%
tryna
57%
Been
52%
Cause
52%
either
52%
laughed
52%
learned
52%
Mm-mm
52%
(Mm-mm)
52%
shit
52%
Take
52%
While
52%
own
48%
pick,
48%
No matching quizzes found
Score Distribution
Percent of People with Each Score
Percentile by Number Answered
Your Score History
You have not taken this quiz